000 00306nam a22001337a 4500
008 170928b xxu||||| |||| 00| 0 eng d
020 _a9780395874387
041 _aeng
080 _25 ED
_a37
100 _a47
101 _aEDU
245 _aSUCCESSFUL WRITING AT WORK
_cKOLIN.P.C
942 _2udc
_cBK
999 _c30390
_d30390